Zweiatomige Elemente - Statistiken

Allgemein
  • Dieses Quiz wurde 41 mal gespielt
  • Das Durchschnittsergebnis liegt bei 7 aus 7
Antwortstatistiken
Hinweis Element % Korrekt
H Wasserstoff
100%
Br Brom
97%
Cl Chlor
97%
O Sauerstoff
97%
I Iod
92%
N Stickstoff
89%
F Fluor
81%
Keine übereinstimmenden Quizze gefunden
Verteilung der Resultate
Anzahl Personen mit jedem Resultat
Perzentil nach korrekt beantworteten Fragen
Ihre Resultats-Entwicklung
Sie haben dieses Quiz noch nicht gespielt